000
00308nam a22001337a 4500
003
OSt
005
20231128155538.0
008
231128b |||||||| |||| 00| 0 eng d
040
_c
CO-JMCR
082
_a
N /
_b
TANa
100
_a
Tanizaki, Junichiro,
_9
43001
245
_a
Arenas movedizas /
942
_2
ddc
_c
BK
999
_c
30418
_d
16802